<?xml version="1.0" encoding="UTF-8"?>
<collection xmlns="http://www.loc.gov/MARC21/slim">
 <record>
  <leader>05803nam a2200553   4500</leader>
  <controlfield tag="001">DLU130153775</controlfield>
  <controlfield tag="005">##20131002</controlfield>
  <datafield tag="020" ind1="#" ind2="#">
   <subfield code="a">8935099236899</subfield>
  </datafield>
  <datafield tag="040" ind1="#" ind2="#">
   <subfield code="a">DLU</subfield>
   <subfield code="b">vie</subfield>
  </datafield>
  <datafield tag="041" ind1="#" ind2="#">
   <subfield code="a">vie</subfield>
  </datafield>
  <datafield tag="044" ind1="#" ind2="#">
   <subfield code="a">vn</subfield>
  </datafield>
  <datafield tag="082" ind1="#" ind2="#">
   <subfield code="a">346.597</subfield>
   <subfield code="b">Bin</subfield>
  </datafield>
  <datafield tag="245" ind1="#" ind2="#">
   <subfield code="a">Bình luận khoa học bộ luật tố tụng dân sự /</subfield>
   <subfield code="c">Hà Thị Mai Hiên chủ biên, ... [et al.].</subfield>
  </datafield>
  <datafield tag="250" ind1="#" ind2="#">
   <subfield code="a">Đã sửa đổi, bổ sung năm 2011.</subfield>
  </datafield>
  <datafield tag="260" ind1="#" ind2="#">
   <subfield code="a">H. :</subfield>
   <subfield code="b">Tư pháp,</subfield>
   <subfield code="c">2012.</subfield>
  </datafield>
  <datafield tag="300" ind1="#" ind2="#">
   <subfield code="a">725 tr. ;</subfield>
   <subfield code="c">24 cm.</subfield>
  </datafield>
  <datafield tag="505" ind1="#" ind2="#">
   <subfield code="a">Phần I. Những quy định chung -- Chương I. Nhiệm vụ và hiệu lực của bộ luật tố tụng hình sự -- Chương II. Những nguyên tắc cơ bản -- Chương III. Thẩm quyền của toà án -- Chương IV. Cơ quan tiến hành tố tụng, người tiến hành tố tụng và việc thay đổi người tiến hành tố tụng -- Chương V. Thành phần giải quyết vụ việc dân sự -- Chượng VI. Người tham gia tố tụng -- Chương VII. Chứng minh và chứng cớ -- Chương VIII. Các biện pháp khẩn cấp tạm thời -- Chương IX. Án phí, lệ phí và các chi phí tố tụng khác -- Chương X. Cấp, tống đạt, thông báo văn bản tố tụng -- Chương XI. Thời hạn tố tụng.</subfield>
  </datafield>
  <datafield tag="505" ind1="#" ind2="#">
   <subfield code="a">Phần thứ ba. Thủ tục giải quyết vụ án tại toà án cấp phúc thẩm -- Chương XV. Tính chất của xét xử phúc thẩm và kháng cáo, kháng nghị bản án, quyết định của toà án cấp sơ thẩm -- Chương XVI. Chuẩn bị xét xử phúc thẩm -- Chương XVII. Thủ tục xét xử phúc thẩm -- Chương XVIII. Thủ tục giám đốc thẩm -- Chương XIX. Thủ thục tái thẩm -- Chương XIXa. Thủ tục đặc biệt xem xét lại quyết định của Hội đồng thẩm phán toà án nhân dân tối cao.</subfield>
  </datafield>
  <datafield tag="505" ind1="#" ind2="#">
   <subfield code="a">Phần thứ bảy. Thi hành bản án, quyết định dân sự của toà án -- Chương XXX. Quy định chung về thi hành bản án, quyết định của toà án -- Chương XXXI. Thủ tục thi hành bản án, quyết định của toà án.</subfield>
  </datafield>
  <datafield tag="505" ind1="#" ind2="#">
   <subfield code="a">Phần thứ chín. Thủ tục giải quyết các vụ việc dân sự có yếu tố nước ngoài và tương trợ tư pháp trong tố tụng dân sự -- CHương XXXIV. Quy định về thủ tục giải quyết các vụ việc dân sự có yếu tố nước ngoài -- Chương XXXV. Thẩm quyền cảu toà án Việt Nam giải quyết các vụ việc dân sự có yếu tố nước ngoài -- Chương XXXVI. Tương trợ tư pháp trong tố tụng dân sự.</subfield>
  </datafield>
  <datafield tag="505" ind1="#" ind2="#">
   <subfield code="a">Phần thứ hai. Thủc tục giải quyết vụ án tại toà án cấp sơ thẩm -- Chương XII. Khởi kiện và thụ lý vụ án -- Chương XIII. Hoà giải và chuẩn bị xét xử -- Chương XIV. Phiên toà sơ thẩm.</subfield>
  </datafield>
  <datafield tag="505" ind1="#" ind2="#">
   <subfield code="a">Phần thứ năm. Thủ tục giải quyết việc dân sự -- Chương XX. Quy định chung về thủ tục giải quyết việc dân sự -- Chương XXI. Thủ tục giải quyết yêu cầu tuyên bố một người mất năng lực hành vi dân sự hoặc bị hạn chế năng lực hành vi dân sự -- Chương XXII. Thủ tục giải quyết yêu cầu thông báo tìm kiếm người vắng mặt tại nơi cư trú -- Chương XXIII. Thủ tục giải quyết yêu cầu tuyên bố một người mất tích -- Chương XXIV. Thủ tục giải quyết yêu cầu tuyên bố một người là đã chết -- Chương XXV. Thủ tục giải quyết các việc dân sự liên quan đến hoạt động trọng tài thương mại Việt Nam.</subfield>
  </datafield>
  <datafield tag="505" ind1="#" ind2="#">
   <subfield code="a">Phần thứ sáu. Thủ tục cộng nhận và cho thi hành tại Việt Nam bản án, quyết định dân sự của toà án nước ngoài, quyết định của trọng tài nước ngoài -- Chương XXVI. Quy định chung về thủ tục công nhận và cho thi hành tại Việt Nam bản án, quyết định dân sự của toà án nước ngoài, quyết định của trọng tài nước ngoài -- Chương XXVII. Thủ tục xét đơn yêu cầu công nhận và cho thi hành tại Việt Nam bản án, quyết định dân sự của toà án nước ngoài -- Chương XXVIII. Thục tục xét đơn yêu cầu không công nhận bản án, quyết định dân sự của toà án nước ngoài không có yêu cầu thi hành tại Việt Nam -- Chương XXIX. Thủ tục xét đơn yêu cầu công nhận và cho thi hành tại Việt Nam quyết định của trọng tài nước ngoài.</subfield>
  </datafield>
  <datafield tag="505" ind1="#" ind2="#">
   <subfield code="a">Phần thứ tám. Xử lý các hành vi cản trở hoạt động tố tụng dân sự; khiếu nại tố cáo trong tố tụng dân sự -- Chương XXXII. Xử lý các hành vi cản trở hoạt động tố tụng dân sự -- Chương XXXIII. Khiếu nại, tố các trong tố tụng dân sự.</subfield>
  </datafield>
  <datafield tag="650" ind1="#" ind2="#">
   <subfield code="a">Tố tụng dân sự</subfield>
   <subfield code="z">Việt Nam.</subfield>
  </datafield>
  <datafield tag="700" ind1="#" ind2="#">
   <subfield code="a">Đinh Thế Hưng,</subfield>
   <subfield code="c">ThS.</subfield>
  </datafield>
  <datafield tag="700" ind1="#" ind2="#">
   <subfield code="a">Đinh Thị Duy Thanh,</subfield>
   <subfield code="c">ThS.</subfield>
  </datafield>
  <datafield tag="700" ind1="#" ind2="#">
   <subfield code="a">Bùi Đức Hiển,</subfield>
   <subfield code="c">ThS.</subfield>
  </datafield>
  <datafield tag="700" ind1="#" ind2="#">
   <subfield code="a">Dương Quỳnh Hoa,</subfield>
   <subfield code="c">ThS.</subfield>
  </datafield>
  <datafield tag="700" ind1="#" ind2="#">
   <subfield code="a">Hà Thị Mai Hiên,</subfield>
   <subfield code="c">PGS.TS.</subfield>
   <subfield code="e">chủ biên</subfield>
  </datafield>
  <datafield tag="700" ind1="#" ind2="#">
   <subfield code="a">Lê Thị Hồng Nhung,</subfield>
   <subfield code="c">ThS.</subfield>
  </datafield>
  <datafield tag="700" ind1="#" ind2="#">
   <subfield code="a">Lê Thương Huyền,</subfield>
   <subfield code="c">ThS.</subfield>
  </datafield>
  <datafield tag="700" ind1="#" ind2="#">
   <subfield code="a">Nguyễn Thị Bảo Nga.</subfield>
  </datafield>
  <datafield tag="700" ind1="#" ind2="#">
   <subfield code="a">Nguyễn Thị Thu Thuỷ,</subfield>
   <subfield code="c">ThS.</subfield>
  </datafield>
  <datafield tag="700" ind1="#" ind2="#">
   <subfield code="a">Nguyễn Thu Dung,</subfield>
   <subfield code="c">ThS.</subfield>
  </datafield>
  <datafield tag="700" ind1="#" ind2="#">
   <subfield code="a">Phạm Thị Hiền.</subfield>
  </datafield>
  <datafield tag="700" ind1="#" ind2="#">
   <subfield code="a">Trần Văn Biên,</subfield>
   <subfield code="c">TS.</subfield>
   <subfield code="e">chủ biên</subfield>
  </datafield>
  <datafield tag="923" ind1="#" ind2="#">
   <subfield code="a">06/2013</subfield>
  </datafield>
  <datafield tag="991" ind1="#" ind2="#">
   <subfield code="a">GT</subfield>
  </datafield>
  <datafield tag="992" ind1="#" ind2="#">
   <subfield code="a">225000</subfield>
  </datafield>
  <datafield tag="993" ind1="#" ind2="#">
   <subfield code="a">2011</subfield>
  </datafield>
  <datafield tag="994" ind1="#" ind2="#">
   <subfield code="a">DLU</subfield>
  </datafield>
  <datafield tag="900" ind1="#" ind2="#">
   <subfield code="a">True</subfield>
  </datafield>
  <datafield tag="911" ind1="#" ind2="#">
   <subfield code="a">Đào Thị Thu Huyền</subfield>
  </datafield>
  <datafield tag="925" ind1="#" ind2="#">
   <subfield code="a">G</subfield>
  </datafield>
  <datafield tag="926" ind1="#" ind2="#">
   <subfield code="a">A</subfield>
  </datafield>
  <datafield tag="927" ind1="#" ind2="#">
   <subfield code="a">SH</subfield>
  </datafield>
  <datafield tag="980" ind1="#" ind2="#">
   <subfield code="a">Thư viện Trường Đại học Đà Lạt</subfield>
  </datafield>
 </record>
</collection>
